Statistics for Biggest Cities in Greece

Click here to take the quiz!

General Stats

  • This quiz has been taken 24 times
  • The average score is 5 of 10

Answer Stats

PopulationAnswer% Correct
3,146,166Athens
100%
802,392Thessaloniki
86%
162,591Heraklion
77%
196,936Patras
64%
146,309Larissa
55%
90,190Chania
45%
127,433Volos
41%
88,219Ioannina
36%
81,016Chalkida
14%
100,837Acharnae
5%

Score Distribution

Percentile by Number Answered

Percent of People with Each Score

Your Score History

You have not taken this quiz